MARC

LEADER 00000nam0a2200000 4500
001 75230
005 20231101212813.0
035 |a (RuTPU)RU\TPU\book\80212 
090 |a 75230 
100 |a 20050321d1963 m y0rusy50 ca 
101 0 |a rus 
102 |a RU 
105 |a a j 001zy 
200 1 |a Печи и сушила огнеупорных заводов  |e учебник  |f П. С. Мамыкин, П. В. Левченко, К. К. Стрелов 
210 |a Свердловск  |c Металлургиздат  |d 1963 
215 |a 471 с.  |c ил. 
320 |a Библиогр.: с. 469. 
606 1 |a Обжигательные печи для огнеупоров  |x Автоматизация  |2 stltpush  |3 (RuTPU)RU\TPU\subj\35091  |9 56865 
610 1 |a химическая технология 
610 1 |a огнеупоры 
610 1 |a огнеупорные заводы 
610 1 |a огнеупорные изделия 
610 1 |a сушила 
610 1 |a топливо 
610 1 |a теплопередача 
610 1 |a топливосжигающие устройства 
610 1 |a горение 
610 1 |a расчеты 
610 1 |a автоматизация 
610 1 |a учебники 
610 1 |a газы 
610 1 |a движение 
675 |a 666.76(075.32)  |v 3 
700 1 |a Мамыкин  |b П. С.  |g Петр Сергеевич 
701 1 |a Левченко  |b П. В.  |g Петр Васильевич 
701 1 |a Стрелов  |b К. К.  |g Константин Константинович 
801 1 |a RU  |b 63413507  |c 20050321  |g PSBO 
801 2 |a RU  |b 63413507  |c 20201021  |g PSBO 
942 |c BK